000 00459nam a2200109Ia 4500
008 230320s9999||||xx |||||||||||||| ||spa||
082 _a658.022/F53
100 _aFilion, Louis Jacques ; Cisneros Martínez Luis Felipe ; Mejía-Morelos, Jorge Humberto
245 0 _aAdministración De Pymes: Emprender, Dirigir Y Desarrollar Empresas: Louis Jacques Filion ; Luis Felipe Cisneros Martínez ; Jorge Humberto Mejía-Morelos.
260 _bPearson
942 _80
_cLIB
999 _c46241
_d46241